Poľsko láka prestížne značky

Výstavba obchodno-zábavných centier v Poľsku. Brzdou je staršia zástavba. Nezaostanú ani periférie. Rastie záujem o prvotriedne nájmy v obchodných centrách Varšavy. Výška prenájmov za predajné miesta.

Gespeichert in:
Bibliographische Detailangaben
1. Verfasser: Čičvara, Radovan
Format: Buchkapitel
Sprache:Slowakisch
Schlagworte:
Tags: Tag hinzufügen
Keine Tags, Fügen Sie das erste Tag hinzu!

MARC

LEADER 00000naa$a2200000$$$4500
001 0030332
005 20231107125729.6
041 0 |a slo 
044 |a SK 
245 1 0 |a Poľsko láka prestížne značky  |c Radovan Čičvara 
520 |a Výstavba obchodno-zábavných centier v Poľsku. Brzdou je staršia zástavba. Nezaostanú ani periférie. Rastie záujem o prvotriedne nájmy v obchodných centrách Varšavy. Výška prenájmov za predajné miesta. 
610 2 0 |a obchod 
610 2 0 |a strediská nákupné 
610 2 0 |a centrá obchodné 
610 2 0 |a Poľsko 
100 1 |a Čičvara, Radovan